000 01120cam a22003013a 4500
001 1122
005 20230829142052.0
020 _a078073004997
040 _aZAB
_cZAB
_dSLC
_dOCL
_dOCLCQ
_dDLC
_beng
050 0 0 _aPZ7.A6483
082 _a813.54
100 1 _aApplegate, Katherine.
245 1 4 _aThe attack
_cK.A. Applegate.
260 _aNew York :
_bScholastic
_c1999
300 _a145 pages :
_billustrations ;
_c20 cm
490 1 _aAnimorphs ;
_vBook 26
500 _a"An Apple paperback."
505 _aO
520 _ahe Ellimist has helped the Animorphs many times. He is all-powerful and has only one enemy, the Crayak. In a cosmic showdown, the two enemies choose champions to represent them in a battle to end all battles. The Crayak chooses the dreaded Howlers. The Ellimist chooses the Animorphs.
521 _a600
_bLexile
521 _aO
_bRaz-Plus
650 0 _aScience fiction.
650 0 _aMetamorphosis
_vJuvenile fiction.
655 7 _aFantasy fiction.
_2gsafd
655 7 _aFantasy fiction.
_2gsafd
906 _a7
_bcbc
_ccopycat
_d2
_encip
_f20
_gy-genrareb
942 _cBK
_2ddc
_n0
999 _c1122
_d1122